| 000 | 01003cam a2200337 i 4500 | ||
|---|---|---|---|
| 001 | 200441806 | ||
| 999 |
_c200441806 _d60018 |
||
| 003 | TR-AnTOB | ||
| 005 | 20241108135813.0 | ||
| 007 | ta | ||
| 008 | 730417s1953 nyua 000 0 eng | ||
| 010 | _a 53007879 /L | ||
| 015 | _aGB55-398 | ||
| 035 | _a(OCoLC)ocn684659523 | ||
| 040 |
_aDLC _beng _erda _cCSU _dSER _dUKM _dYUS _dTR-AnTOB |
||
| 041 | 0 | _aeng | |
| 050 | 0 | 0 |
_aHF5550 _b.D6 1953 |
| 090 |
_aTOBBK HF5550 _b.D6 1953 |
||
| 099 | _a658.15 DOR 1953 | ||
| 100 | 1 |
_aDoris, Lillian _9126643 |
|
| 245 | 1 | 0 |
_aBusiness finance handbook / _cedited by Lillian Doris, ; Contributors: William W. Amos [and others] |
| 264 | 1 |
_aNew York : _bPrentice-Hall, _c1953. |
|
| 300 |
_a919 pages : _billustrations ; _c21 cm |
||
| 336 |
_atext _btxt _2rdacontent |
||
| 337 |
_aunmediated _bn _2rdamedia |
||
| 338 |
_avolume _bnc _2rdacarrier |
||
| 650 | 0 |
_aFinance _9107496 |
|
| 650 | 0 |
_aBusiness _92282 |
|
| 942 |
_2z _cBK |
||